000 00649cab a2200253 4500
001 X637
008 090401t1993 xxu||||| |||| 00| 0 eng d
035 _a(Sirsi) u66691
041 _aeng
100 _aWelstead, M.
245 _aPublic rights of way - by-laws over private land
260 _c1993
350 _a0
490 _aConveyancer & Property Lawyer
_vMarch-April 1993, 129-137(9)
650 _aBRIDLEWAYS
650 _aBYE-LAWS
650 _aCARRIAGEWAYS
650 _aFOOTPATHS
650 _aPRIVATE LAND
650 _aRIGHTS OF WAY
690 _aHIGHWAYS RIGHTS OF WAY AND EASEMENTS
942 _n0
948 _c04/03/1997
999 _c41660
_d41660